Introduction to JAVA programming : (Record no. 7855)
[ view plain ]
| 000 -LEADER | |
|---|---|
| fixed length control field | 01000nac a22002891u 4500 |
| 008 - FIXED-LENGTH DATA ELEMENTS--GENERAL INFORMATION | |
| fixed length control field | 090527s2007 n a frb 001 0 eng d |
| 010 ## - LIBRARY OF CONGRESS CONTROL NUMBER | |
| LC control number | 2006045825 |
| 020 ## - INTERNATIONAL STANDARD BOOK NUMBER | |
| International Standard Book Number | 0132221586 (alk. paper) |
| 020 ## - INTERNATIONAL STANDARD BOOK NUMBER | |
| International Standard Book Number | 9780132221580 |
| 035 ## - SYSTEM CONTROL NUMBER | |
| System control number | (OCoLC)ocm69734610 |
| 082 04 - DEWEY DECIMAL CLASSIFICATION NUMBER | |
| Classification number | 005.2762 |
| Item number | LIA |
| Edition number | 22 |
| 100 1# - MAIN ENTRY--PERSONAL NAME | |
| Personal name | Liang, Y. Daniel. |
| 9 (RLIN) | 5403 |
| 245 10 - TITLE STATEMENT | |
| Title | Introduction to JAVA programming : |
| Remainder of title | comprehensive version / |
| Statement of responsibility, etc | Y. Daniel Liang. |
| 246 30 - VARYING FORM OF TITLE | |
| Title proper/short title | JAVA programming |
| 250 ## - EDITION STATEMENT | |
| Edition statement | 6th ed. |
| 260 ## - PUBLICATION, DISTRIBUTION, ETC. (IMPRINT) | |
| Place of publication, distribution, etc | Upper Saddle River : |
| Name of publisher, distributor, etc | Pearson/Prentice Hall, |
| Date of publication, distribution, etc | 2007. |
| 300 ## - PHYSICAL DESCRIPTION | |
| Extent | xxv, 1301 p. : |
| Other physical details | ill. ; |
| Dimensions | 26 cm. |
| 500 ## - GENERAL NOTE | |
| General note | Index :p. 1281-1301. |
| 500 ## - GENERAL NOTE | |
| General note | Appendix : p. 1271-1279. |
| 504 ## - BIBLIOGRAPHY, ETC. NOTE | |
| Bibliography, etc | Includes bibliographical references. |
| 590 ## - LOCAL NOTE (RLIN) | |
| Local note | Menna elemam |
| 650 #0 - SUBJECT ADDED ENTRY--TOPICAL TERM | |
| Topical term or geographic name as entry element | Java (Computer program language) |
| 9 (RLIN) | 5404 |
| Source of heading or term | BUEsh |
| 651 ## - SUBJECT ADDED ENTRY--GEOGRAPHIC NAME | |
| Source of heading or term | BUEsh |
| 653 ## - INDEX TERM--UNCONTROLLED | |
| Resource For college | Informatics and Computer Science |
| Arrived date list | August2015 |
| 655 ## - INDEX TERM--GENRE/FORM | |
| Genre/form data or focus term | Programming in Java- Year 1 |
| Form subdivision | |
| General subdivision | Engineering |
| Chronological subdivision | Semester 2. 2008/2009 |
| 942 ## - ADDED ENTRY ELEMENTS (KOHA) | |
| Item type | |
| Call number prefix | 005.2762 LIA |
| Source of classification or shelving scheme | Dewey Decimal Classification |
| Withdrawn status | Item status | Source of classification or shelving scheme | Damaged status | Not for loan | Home library | Current library | Shelving location | Date acquired | Source of acquisition | Total Checkouts | Total Renewals | Full call number | Barcode | Checked out | Date last seen | Date last borrowed | Koha item type | Vendor |
|---|---|---|---|---|---|---|---|---|---|---|---|---|---|---|---|---|---|---|
| Dewey Decimal Classification | Central Library | Central Library | Lower Floor | 07/10/2008 | Purchase | 14 | 130 | 005.2762 LIA | 000006046 | 24/09/2018 | 22/02/2018 | 22/02/2018 | Book - Borrowing | |||||
| Dewey Decimal Classification | Central Library | Central Library | Lower Floor | 07/02/2008 | Purchase | 7 | 28 | 005.2762 LIA | 000009705 | 15/07/2025 | 28/04/2014 | Book - Borrowing | ||||||
| Dewey Decimal Classification | Central Library | Central Library | Lower Floor | 07/02/2008 | Purchase | 8 | 32 | 005.2762 LIA | 000009706 | 15/07/2025 | 15/10/2018 | Book - Borrowing | ||||||
| Dewey Decimal Classification | Central Library | Central Library | Lower Floor | 20/04/2011 | 005.2762 LIA | 000008292 | 15/07/2025 | NB - Book (Non borrowing) |